Crean Davidson Investments Ltd v Earl Cadogan and another (Record no. 54524)

MARC details
000 -LEADER
fixed length control field 01343cab a2200265 4500
001 - CONTROL NUMBER
control field ABS58743
008 - FIXED-LENGTH DATA ELEMENTS--GENERAL INFORMATION
fixed length control field 090401t1998 xxu||||| |||| 00| 0 eng d
035 ## - SYSTEM CONTROL NUMBER
System control number (Sirsi) u86599
041 ## - LANGUAGE CODE
Language code of text/sound track or separate title eng
245 ## - TITLE STATEMENT
Title Crean Davidson Investments Ltd v Earl Cadogan and another
260 ## - PUBLICATION, DISTRIBUTION, ETC.
Date of publication, distribution, etc. 1998
350 ## - PRICE (NR) (BK AM CF MU VM SE) [OBSOLETE]
Price 0
490 ## - SERIES STATEMENT
Series statement Estates Gazette
Volume/sequential designation [1998] 20 EG 136-138(3), (16/05/98)
520 ## - SUMMARY, ETC.
Summary, etc. Central London CC, 11 December 1997. C acted for sublessees of flats in serving a section 13 notice under the Leasehold Reform and Housing Development Act 1993 for collective enfranchisement of the property. Landlords E did not accept the notice of claim was valid because 1) there was no proposed purchase price or reversionary interest in the headlease, 2) the headlease was a qualifying tenant, and as only two of the three subleassees made application, the necessary two thirds application had not been met. Held, application valid.
650 ## - SUBJECT ADDED ENTRY--TOPICAL TERM
Topical term or geographic name entry element COLLECTIVE ENFRANCHISEMENT
650 ## - SUBJECT ADDED ENTRY--TOPICAL TERM
Topical term or geographic name entry element CREAN DAVIDSON INVESTMENTS LTD V EARL CADOGAN AND ANOTHER
650 ## - SUBJECT ADDED ENTRY--TOPICAL TERM
Topical term or geographic name entry element HEADLEASE
650 ## - SUBJECT ADDED ENTRY--TOPICAL TERM
Topical term or geographic name entry element LEASEHOLD ENFRANCHISEMENT
650 ## - SUBJECT ADDED ENTRY--TOPICAL TERM
Topical term or geographic name entry element LEASEHOLD REFORM, HOUSING AND URBAN DEVELOPMENT ACT 1993
650 ## - SUBJECT ADDED ENTRY--TOPICAL TERM
Topical term or geographic name entry element REVERSIONARY INTEREST
650 ## - SUBJECT ADDED ENTRY--TOPICAL TERM
Topical term or geographic name entry element SUBLEASE
690 ## - LOCAL SUBJECT ADDED ENTRY--TOPICAL TERM (OCLC, RLIN)
Topical term or geographic name as entry element LANDLORD AND TENANT-CASE LAW-LEASEHOLD REFORM
942 ## - ADDED ENTRY ELEMENTS (KOHA)
Suppress in OPAC 0
948 ## - LOCAL PROCESSING INFORMATION (OCLC); SERIES PART DESIGNATOR (RLIN)
c (OCLC) 05/06/1998
Holdings
Withdrawn status Lost status Source of classification or shelving scheme Damaged status Not for loan Home library Current library Shelving location Date acquired Total Checkouts Full call number Barcode Date last seen Copy number Price effective from Koha item type
    Dewey Decimal Classification     London London Journal article 14/09/1999   ABS58743 86599-1001 06/08/2019 1 06/08/2019 Law report